01708nam a2200145Ia 4500003000900000005001700009008004100026040002300067040001300090041000800103245011000111260003800221300001900259520128400278IT-RoPau20220918175933.0120407s9999 xx 000 0 und d aIT-RoPAUcIT-RoPau cIT-RoPAU aita a"Atti e Documenti del VI Capitolo Generale della Società san Paolo. Ariccia,15 marzo - 16 aprile 1992." aRoma bCasa Generalizia SSPc1992 a95 p.c21,5 cm aIndice Presentazione, di Don Silvio Pignotti Elenco dei patecipanti Calendario-Programma Relazione del Superiore generale Dopn Renato Perino sullo della Congregazione I. Rapporto sulle linee di azione affidate all'attuale Governo dal V Capitolo generale II. Stato personale della Congrgazione III. A che punto siamo della nostra storia? IV. Alcune considerazioni su punti nodali 1. La nostra missione oggi 2. Integrazione fra apostolato e vita spirituale 3. La vocazione e la formazione paolina nel contesto comunitario Conclusione Studio del tema specifico ed elaborazione del Documento programmatico per il sessennio 1992-1998 1. Panoramica globale dei lavori 2. Bozza di lavoro (sintesi dei lavori delle commissioni) Priorità e linee operative 1992-1998 Articoli del Direttorio modificati dall'Assemblea Capitolare Appendice 1. Concelebrazione di apertura presieduta da Don Renato Perino 2. Messaggio ai capitolari a conclusione dell'Anno Biblico Paolino 3. Udienza concessa a Sua Santità Giovanni Paolo II I. Indirizzo del Superiore generale Don Silvio Pignotti II. Discorso di Giovanni Paolo II 4. Messa presieduta da S. E. Mons. F. Errázuriz 5. Messaggio dei Capitolari a conclusione del Capitolo 6. Concelebrazione di chiusura presieduta da Don Silvio Pignotti